Obálka Náhled e-knihy:
Epub
Pro půjčování e-knih musíte být přihlášeni.
Jak si půjčit online?

Macbeth /

Neotřelé zpracování klasického shakespearovského dramatu, ve kterém se mění postavy a místo, ale ty nejdůležitější přísady - ambice, vášeň a zrada - zůstávají stejné.

Uloženo v:
Série:Shakespeare 400, část 0
Hlavní autor: Nesbø, Jo, 1960- (Autor)
Další autoři: Jašová, Jana, 1968- (Autor), Shakespeare, William, 1564-1616. (Překladatel)
Médium: E-kniha
Jazyk:Czech
Vydáno: Praha : Práh, 2018
Vydání:V českém jazyce vydání první
Edice:Hogarth Shakespeare
Témata:
Příbuzné jednotky:Z cyklu:: Shakespeare 400
Tagy:
Žádné tagy
LEADER 02724nam a2200517 i 4500
001 310878
003 CZ PrSKC
005 20260601215656.0
007 ta
008 180404s2018 xr g 000 f cze
015 |a cnb002987931 
020 |a 9788072527342  |q (vázáno) :  |c Kč 399,00 
035 |a (OCoLC)1039841833 
040 |a OLA001  |b cze  |e rda 
041 1 |a cze  |h eng 
072 7 |a 821.11  |x Germánské literatury  |2 Konspekt 
080 |a 821.113.5-31  |2 MRF 
080 |a (0:82-312.4)  |2 MRF 
100 1 |a Nesbø, Jo,  |d 1960-  |7 xx0037547  |4 aut 
240 1 0 |a Macbeth.  |l Česky  |7 aun2018990860 
245 1 0 |a Macbeth /  |c Jo Nesbø ; přeložila Jana Jašová 
250 |a V českém jazyce vydání první 
264 1 |a Praha :  |b Práh,  |c 2018 
300 |a 542 stran ;  |c 21 cm 
336 |a text  |b txt  |2 rdacontent 
337 |a bez média  |b n  |2 rdamedia 
338 |a svazek  |b nc  |2 rdacarrier 
490 1 |a Hogarth Shakespeare ;  |v svazek 5. 
500 |a Přeloženo z angličtiny 
520 2 |a Neotřelé zpracování klasického shakespearovského dramatu, ve kterém se mění postavy a místo, ale ty nejdůležitější přísady - ambice, vášeň a zrada - zůstávají stejné. 
520 2 |a Sedmdesátá léta, ponuré průmyslové město sužuje chudoba a úpadek mravů. Zavírá se jedna továrna za druhou, po ulicích se potácejí narkomani a vysoce postavení občané figurují na výplatních páskách dealerů. Macbeth je neohrožený velitel jednotky rychlého nasazení, zároveň však i vyléčený feťák. Po jeho boku stojí Lady, jeho milenka a majitelka luxusního kasina. Macbeth chce ale více, chce dosáhnout až na vrchol, tam, kde ho čeká moc, peníze a sláva. A aby toho dosáhl, neštítí se ani těch nejtěžších zločinů... 
655 7 |a norské romány  |7 fd132917  |2 czenas 
655 7 |a detektivní romány  |7 fd132010  |2 czenas 
655 7 |a thrillery (romány)  |7 fd184206  |2 czenas 
655 9 |a Norwegian fiction  |2 eczenas 
655 9 |a detective novels  |2 eczenas 
655 9 |a thrillers (novels)  |2 eczenas 
700 1 |a Jašová, Jana,  |d 1968-  |7 jo20000080723  |4 trl 
700 1 |i Na motivy:  |a Shakespeare, William,  |d 1564-1616.  |t Macbeth  |7 aun2006373438 
830 0 |a Hogarth Shakespeare 
900 |a ABA001  |b 20 
044 |a xr 
787 0 8 |g 0  |i Z cyklu:  |t Shakespeare 400 
910 |a RBIT002 
998 |d 177835  |a https://core.palmknihy.cz/api/books/177835/cover?p6olmm  |b https://core.palmknihy.cz/api/books/177835/cover/400?p6olmm  |c https://core.palmknihy.cz/api/books/177835/cover/50?p6olmm  |e   |g 544  |i 9788072527342  |j https://core.palmknihy.cz/api/books/177835/preview.epub  |l   |q 49  |r 1  |s https://www.palmknihy.cz/kniha/177835  |t ebook  |y 2018  |z 0  |v Shakespeare 400  |w 0 
999 |d 310876